Acord Marc 1988 / Diputació de Barcelona
Descripción Física:
59 p. ; 21 cm
MARC
| LEADER | 00000nam a2200000Ia 4500 | ||
|---|---|---|---|
| 001 | 8274 | ||
| 008 | 160829s1988 xx 000 0 cat d | ||
| 080 | |a M-2-193 | ||
| 110 | 1 | |a Barcelona (Catalunya : Província). |b Diputació |9 52408 | |
| 245 | |a Acord Marc 1988 / Diputació de Barcelona | ||
| 260 | |a Barcelona : |b Diputació, |c 1988 | ||
| 300 | |a 59 p. ; |c 21 cm | ||
| 650 | |a Negociacions col·lectives de treball |x Funcionaris i empleats locals |x Barcelona (Província) |9 22981 | ||
| 901 | |a Arxiu | ||
| 942 | |n 1 | ||
| 952 | |0 0 |1 0 |4 0 |6 M2193 |7 1 |9 42396 |a Arxiu |b Arxiu |d 2016-12-01 |l 0 |o M-2-193 |p 8274 |r 2016-12-01 00:00:00 |w 2016-12-01 |y ARXIU | ||
| 999 | |c 44901 |d 44901 | ||